000
00288nam a22000977a 4500
008
230418b |||||||| |||| 00| 0 eng d
020
_a
9780340893142
100
_a
Blyton Guid
_9
7607
245
_a
The Secret Seven (Three Cheers Secret Seven)-8
260
_a
London
_b
Hodder Children's Book
_c
2015
999
_c
12253
_d
12253